000 00423nam a2200181Ia 4500
001 1941
005 20260306143805.0
008 260306t2014||||xx |||||||||||||| ||spa||
041 _aESP
082 _a158.2
_bM511
100 _aMababu Mukiur, Richard
_eAUT
245 0 _aPsicologĂ­a de los grupos
260 _c2014
300 _a482 páginas :
_c24 cm.
650 _aGEN
654 _aCPS
942 _cLIB
_dJUS
_fJUS
_2ddc
_n
999 _c1941
_d1941